Hydrogeologic framework and sampling design for an assessment of agricultural pesticides in ground water in Pennsylvania /

Bibliographic Details
Main Author: Lindsey, Bruce D., 1962-
Corporate Authors: Pennsylvania. Department of Agriculture, Geological Survey (U.S.)
Other Authors: Bickford, Tammy M.
Format: Government Document Book
Language:English
Published: Lemoyne, Pa. : U.S. Dept. of the Interior, U.S. Geological Survey ; 1999.
Series:Water-resources investigations report ; 99-4076.
Subjects:

MARC

Tag First Indicator Second Indicator Subfields
LEADER 00000cam a2200000 a 4500
001 in00000005324
005 20150928150027.0
008 990730s1999 pauab b f000 0 eng d
035 |a (OCoLC)41985353 
035 |9 AJK2727AM 
040 |d GPO  |d DLC  |d MvI  |d UtOrBLW 
043 |a n-us-pa 
049 |a UDOC 
074 |a 0624-B 
086 0 |a I 19.42/4:99-4076 
100 1 |a Lindsey, Bruce D.,  |d 1962- 
245 1 0 |a Hydrogeologic framework and sampling design for an assessment of agricultural pesticides in ground water in Pennsylvania /  |c by Bruce D. Lindsey and Tammy M. Bickford ; prepared in cooperation with the Pennsylvania Department of Agriculture. 
264 1 |a Lemoyne, Pa. :  |b U.S. Dept. of the Interior, U.S. Geological Survey ;  |c 1999. 
264 2 |a Denver, Colo. :  |b Branch of Information Services [distributor], 
300 |a v, 44 pages :  |b illustrations (some color), maps ;  |c 28 cm. 
336 |a text  |b txt  |2 rdacontent 
337 |a unmediated  |b n  |2 rdamedia 
338 |a volume  |b nc  |2 rdacarrier 
490 1 |a Water-resources investigations report ;  |v 99-4076 
500 |a Shipping list number: 99-0333-P. 
504 |a Includes bibliographical references (pages 42-44). 
650 0 |a Hydrogeology  |z Pennsylvania. 
650 0 |a Groundwater  |x Sampling  |z Pennsylvania. 
650 0 |a Pesticides  |x Environmental aspects  |z Pennsylvania. 
650 0 |a Groundwater  |x Pollution  |z Pennsylvania. 
700 1 |a Bickford, Tammy M. 
710 1 |a Pennsylvania.  |b Department of Agriculture. 
710 2 |a Geological Survey (U.S.) 
830 0 |a Water-resources investigations report ;  |v 99-4076. 
999 |a MARS 
999 f f |s 3e0f4e52-a1c4-3a72-ba0d-d9d7398a9533  |i 303f0342-6596-323f-bd0c-15609731a102  |t 0 
952 f f |p normal  |a Texas A&M University  |b College Station  |c Sterling C. Evans Library  |d Evans: US Documents (Annex 5th floor)  |t 0  |e I 19.42/4:99-4076  |h Superintendent of Documents classification  |i unmediated -- volume  |m A14824292278 
998 f f |a I 19.42/4:99-4076  |t 0  |l Evans: US Documents (Annex 5th floor)